000 00536nam a2200169 i 4500
001 33545
003 ES-MaACL
005 20230906154757.0
007 t|
008 030202s1966 sp ||||1| spa d
100 1 _aBigo, Pierre.
_928844
245 1 0 _aMarxismo y humanismo
_b: introducción a la obra económica de Carlos Marx /
_cPierre Bigo ; [traducción de Francisco Susinos].
260 _aMadrid :
_bZYX,
_c[1966]
300 _a347 p. ;
_c21 cm.
700 1 _aSusinos, Francisco.
_9108853
852 _aES-MaACL
_jC-28776
_bR.58240
999 _c33545
_d33545